| 000 | 00000nam 2200000zi 4500 |
| 001 | 9.939932 |
| 003 | CaOODSP |
| 005 | 20241127112819 |
| 006 | m o d f |
| 007 | cr |n||||||||| |
| 008 | 240627e199711 quc o f000 0 eng d |
| 040 | |aCaOODSP|beng|erda|cCaOODSP |
| 043 | |an-cn-qu |
| 086 | 1 |aEn56-358/1997E-PDF |
| 245 | 00|aEvaluation of the Smog Advisory Program - Montreal, 1997 : |bfinal report / |cprepared for the: Atmospheric Environment Service Environment Canada [by] Corporate Research Associates Inc. |
| 264 | 1|a[Montreal] : |bAtmospheric Environment Service, Environment Canada, |cNovember 1997. |
| 300 | |a1 online resource (1 volume (various pagings)) |
| 336 | |atext|btxt|2rdacontent |
| 337 | |acomputer|bc|2rdamedia |
| 338 | |aonline resource|bcr|2rdacarrier |
| 500 | |aDigitized edition from print [produced by Environment and Climate Change Canada]. |
| 500 | |aIssued also in French under title: Évaluation du Programme des avis de smog - Montréal, 1997 : rapport final. |
| 650 | 0|aSmog|zQuébec (Province)|zMontréal. |
| 650 | 0|aAir|xPollution|xEnvironmental aspects|zQuébec (Province)|zMontréal. |
| 710 | 1 |aCanada. |bAtmospheric Environment Service, |eissuing body. |
| 710 | 2 |aCorporate Research Associates, |econsultant. |
| 775 | 08|tÉvaluation du Programme des avis de smog - Montréal, 1997 : |w(CaOODSP)9.931578 |
| 856 | 40|qPDF|s2.00 MB|uhttps://publications.gc.ca/collections/collection_2024/eccc/En56-358-1997-eng.pdf |